Crystal Palace Squad 2025-2026 - Statistics

General Stats
  • This quiz has been taken 315 times
    63 since last reset
  • The average score is 23 of 32
Answer Stats
# Position Nation Player % Correct
1 GK England Dean Henderson
98%
14 FW France Jean-Philippe Mateta
98%
6 DF England Marc Guéhi
98%
2 DF Colombia Daniel Muñoz
95%
7 FW Senegal Ismaïla Sarr
95%
10 FW Spain Yéremy Pino
95%
18 MF Japan Daichi Kamada
93%
11 FW Wales Brennan Johnson
91%
5 DF France Maxence Lacroix
91%
20 MF England Adam Wharton
89%
8 MF Colombia Jefferson Lerma
89%
26 DF United States Chris Richards
86%
3 DF England Tyrick Mitchell
86%
9 FW England Eddie Nketiah
80%
22 FW Norway Jørgen Strand Larsen
80%
19 MF England Will Hughes
80%
29 FW Ivory Coast Evann Guessand
77%
- Coach Austria Oliver Glasner
77%
24 DF Croatia Borna Sosa
73%
28 MF Mali Cheick Doucouré
70%
17 DF England Nathaniel Clyne
70%
44 GK Argentina Walter Benítez
70%
12 FW Nigeria Christantus Uche
66%
55 MF Northern Ireland Justin Devenny
66%
34 DF Morocco Chadi Riad
64%
23 DF France Jaydee Canvot
55%
21 FW England Romain Esse
34%
29 MF France Naouirou Ahamada
32%
31 GK England Remi Matthews
32%
69 DF Trinidad and Tobago Rio Cardines
32%
58 DF England Caleb Kporha
23%
42 MF England Kaden Rodney
18%
No matching quizzes found
Score Distribution
Percent of People with Each Score
Percentile by Number Answered
Your Score History
You have not taken this quiz since the last reset